Stupid jokes for kids (Запис № 553690)

МАРК-запис
000 -LEADER
fixed length control field 01412cam a2200277Ka 4500
001 - CONTROL NUMBER
control field stupidjokesforki00newy
003 - CONTROL NUMBER IDENTIFIER
control field CaSfIA
005 - DATE AND TIME OF LATEST TRANSACTION
control field 20210119085249.0
007 - PHYSICAL DESCRIPTION FIXED FIELD--GENERAL INFORMATION
fixed length control field cr||||
008 - FIXED-LENGTH DATA ELEMENTS--GENERAL INFORMATION
fixed length control field 971217t19911989nyu f 000 0 eng d
040 ## - CATALOGING SOURCE
Original cataloging agency KPR
Transcribing agency KPR
Modifying agency OCLCQ
-- CaSfIA
020 ## - INTERNATIONAL STANDARD BOOK NUMBER
Cancelled/invalid ISBN 0345370627 (pbk.)
035 ## - SYSTEM CONTROL NUMBER
System control number (OCoLC)38101589
245 00 - TITLE STATEMENT
Title Stupid jokes for kids
Medium [electronic resource]
Remainder of title selections from The great big fat giant joke book.
260 ## - PUBLICATION, DISTRIBUTION, ETC. (IMPRINT)
Place of publication, distribution, etc New York :
Name of publisher, distributor, etc Ballantine Books,
Date of publication, distribution, etc 1991, c1989.
300 ## - PHYSICAL DESCRIPTION
Extent 216 p. ;
Dimensions dc 18 cm.
500 ## - GENERAL NOTE
General note "This work consists of portions of The great big fat giant joke book originally published by Cliveden Press in Great Britain in 1989."--T.p. verso.
533 ## - REPRODUCTION NOTE
Type of reproduction Braille.
Place of reproduction Huntington Beach, Calif. :
Agency responsible for reproduction Beach Cities Braille Guild.
Physical description of reproduction 4 v. (225 p.).
506 ## - RESTRICTIONS ON ACCESS NOTE
Standardized terminology for access restriction Необхідна авторизація на https://archive.org/ (створення облікового запису безкоштовно)
506 ## - RESTRICTIONS ON ACCESS NOTE
Standardized terminology for access restriction Необхідна авторизація на https://openlibrary.org/ (створення облікового запису безкоштовно)
650 #0 - SUBJECT ADDED ENTRY--TOPICAL TERM
Topical term or geographic name as entry element Wit and humor.
650 #1 - SUBJECT ADDED ENTRY--TOPICAL TERM
Topical term or geographic name as entry element Jokes.
856 41 - ELECTRONIC LOCATION AND ACCESS
Uniform Resource Identifier <a href="http://www.archive.org/details/stupidjokesforki00newy">http://www.archive.org/details/stupidjokesforki00newy</a>
Public note Free eBook from the Internet Archive
856 42 - ELECTRONIC LOCATION AND ACCESS
Uniform Resource Identifier <a href="http://www.openlibrary.org/books/OL24237304M">http://www.openlibrary.org/books/OL24237304M</a>
Public note Additional information and access via Open Library
942 ## - ADDED ENTRY ELEMENTS (KOHA)
Koha item type ЕКнига

Немає доступних примірників.